[Event "Oberliga Sued W 1718"]
[Site "Germany"]
[Date "2018.04.15"]
[Round "11.4"]
[White "Carafizi, Vasilii"]
[Black "Philipowski, Robert"]
[Result "1/2-1/2"]
[WhiteElo "2136"]
[BlackElo "2295"]
[PlyCount "88"]
[EventDate "2017.09.10"]
[EventType "team-tourn"]
[EventRounds "11"]
[EventCountry "GER"]
[SourceTitle "EXT 2019"]
[Source "ChessBase"]
[SourceDate "2018.10.10"]
[SourceVersion "1"]
[SourceVersionDate "2018.10.10"]
[SourceQuality "1"]
[WhiteTeam "Trier"]
[BlackTeam "Heimbach Weis/Neuwied"]
[WhiteTeamCountry "GER"]
[BlackTeamCountry "GER"]

1. d4 d5 2. c4 c6 3. Nf3 Nf6 4. Nc3 e6 5. g3 Nbd7 6. Bg2 Bd6 7. Nd2 0-0 8. 0-0 Re8 9. e4 dxe4 10. Ndxe4 Nxe4 11. Nxe4 Be7 12. Bf4 Nf6 13. Nc5 Bxc5 14. dxc5 Qxd1 15. Raxd1 e5 16. Bg5 Be6 17. b3 Nd7 18. Rfe1 Kf8 19. b4 f6 20. Be3 Rad8 21. b5 Nb8 22. Rc1 Bf7 23. f4 exf4 24. Bxf4 a6 25. Bd6+ Kg8 26. Bh3 axb5 27. Bc7 Rxe1+ 28. Rxe1 Rf8 29. Bd6 Rd8 30. cxb5 cxb5 31. Re7 Nc6 32. Rxb7 Nd4 33. a3 Bd5 34. Rb6 Re8 35. Bf1 Re1 36. Kf2 Ra1 37. Bxb5 Ra2+ 38. Ke3 Nf5+ 39. Kd3 Rxa3+ 40. Kd2 Nd4 41. Bd3 Nf3+ 42. Ke2 Ng1+ 43. Kd2 Nf3+ 44. Ke2 Ng1+ 1/2-1/2

[Event "Oberliga Sued W 1718"]
[Site "Germany"]
[Date "2018.02.04"]
[Round "8.4"]
[White "Philipowski, Robert"]
[Black "Dausch, Rene"]
[Result "1/2-1/2"]
[WhiteElo "2295"]
[BlackElo "2296"]
[PlyCount "85"]
[EventDate "2017.09.10"]
[EventType "team-tourn"]
[EventRounds "11"]
[EventCountry "GER"]
[SourceTitle "EXT 2019"]
[Source "ChessBase"]
[SourceDate "2018.10.10"]
[SourceVersion "1"]
[SourceVersionDate "2018.10.10"]
[SourceQuality "1"]
[WhiteTeam "Heimbach Weis/Neuwied"]
[BlackTeam "Worms"]
[WhiteTeamCountry "GER"]
[BlackTeamCountry "GER"]

1. e4 c5 2. Nf3 Nc6 3. Bb5 Nf6 4. Nc3 a6 5. Bxc6 dxc6 6. 0-0 Qc7 7. a4 a5 8. d3 e5 9. Nd2 Bg4 10. Qe1 Be6 11. Nc4 Bxc4 12. dxc4 Bd6 13. Qe2 Nd7 14. Qg4 g6 15. Bh6 0-0-0 16. Rad1 Kb8 17. Rd3 Nf8 18. Bxf8 Rhxf8 19. Rfd1 Be7 20. Qh3 Rxd3 21. Rxd3 Bf6 22. Rd7 Qc8 23. Qd3 Rd8 24. Qd6+ Ka8 25. Rxd8 Qxd8 26. Qxd8+ Bxd8 27. Ne2 Be7 28. Nc1 Kb8 29. Nd3 Bd6 30. g3 Kc7 31. Kg2 Kd7 32. f4 exf4 33. gxf4 f6 34. Kf3 b6 35. h3 Ke6 36. Kg4 Be7 37. f5+ gxf5+ 38. exf5+ Kd6 39. Kf4 Bf8 40. Nf2 Bh6+ 41. Ke4 Bg5 42. Ng4 Ke7 43. b3 1/2-1/2

[Event "Oberliga Sued W 1718"]
[Site "Germany"]
[Date "2017.11.12"]
[Round "4.4"]
[White "Alienkin, Aleksander"]
[Black "Philipowski, Robert"]
[Result "1/2-1/2"]
[WhiteElo "2396"]
[BlackElo "2295"]
[PlyCount "43"]
[EventDate "2017.09.10"]
[EventType "team-tourn"]
[EventRounds "11"]
[EventCountry "GER"]
[SourceTitle "EXT 2019"]
[Source "ChessBase"]
[SourceDate "2018.10.10"]
[SourceVersion "1"]
[SourceVersionDate "2018.10.10"]
[SourceQuality "1"]
[WhiteTeam "Remagen"]
[BlackTeam "Heimbach Weis/Neuwied"]
[WhiteTeamCountry "GER"]
[BlackTeamCountry "GER"]

1. e4 c5 2. Nf3 Nc6 3. Bb5 g6 4. Bxc6 bxc6 5. 0-0 Bg7 6. Re1 Nh6 7. d4 cxd4 8. Nxd4 f6 9. c4 c5 10. Bxh6 Bxh6 11. Nf5 Bf4 12. e5 gxf5 13. exf6 e6 14. Qf3 Ba6 15. Qxf4 Qxf6 16. Nc3 0-0 17. Rad1 Rf7 18. Re3 Bb7 19. Rd6 Bc6 20. Qe5 f4 21. Qxf6 Rxf6 22. Re5 1/2-1/2

[Event "Oberliga Sued W 1718"]
[Site "Germany"]
[Date "2017.09.10"]
[Round "1.4"]
[White "Philipowski, Robert"]
[Black "Heidorn, Oliver"]
[Result "1-0"]
[WhiteElo "2295"]
[BlackElo "2118"]
[PlyCount "65"]
[EventDate "2017.09.10"]
[EventType "team-tourn"]
[EventRounds "11"]
[EventCountry "GER"]
[SourceTitle "EXT 2019"]
[Source "ChessBase"]
[SourceDate "2018.10.10"]
[SourceVersion "1"]
[SourceVersionDate "2018.10.10"]
[SourceQuality "1"]
[WhiteTeam "Heimbach Weis/Neuwied"]
[BlackTeam "Altenkirchen"]
[WhiteTeamCountry "GER"]
[BlackTeamCountry "GER"]

1. e4 c5 2. Nf3 e6 3. Nc3 Nc6 4. Bb5 Nge7 5. 0-0 a6 6. Bxc6 Nxc6 7. d4 cxd4 8. Nxd4 Qf6 9. Be3 Bb4 10. Na4 b5 11. Nb6 Rb8 12. Nxc8 Rxc8 13. a4 Nxd4 14. Bxd4 Qg6 15. Qd3 Be7 16. axb5 axb5 17. Ra7 0-0 18. Rxd7 Rfe8 19. Qxb5 Qxe4 20. c3 Bf8 21. f3 Qc2 22. Rf2 Qb1+ 23. Qf1 Qf5 24. Be3 Ra8 25. Qd3 Qe5 26. Rf1 Reb8 27. b4 Ra3 28. Bd4 Qg5 29. f4 Qh5 30. f5 Rba8 31. fxe6 fxe6 32. Qg3 Qh6 33. Rxf8+ 1-0

[Event "LUX-chT 2016/17"]
[Site "Luxembourg"]
[Date "2017.04.02"]
[Round "10"]
[White "Philipowski, Robert"]
[Black "Schilpp, Roland"]
[Result "0-1"]
[WhiteElo "2296"]
[BlackElo "2039"]
[PlyCount "50"]
[EventDate "2016.09.25"]
[EventType "team-tourn"]
[EventRounds "10"]
[EventCountry "LUX"]
[SourceTitle "EXT 2018"]
[Source "ChessBase"]
[SourceDate "2017.10.13"]
[SourceVersion "1"]
[SourceVersionDate "2017.10.13"]
[SourceQuality "1"]

1. e4 e5 2. Nf3 Nf6 3. Nxe5 d6 4. Nf3 Nxe4 5. c4 Be7 6. d4 Nc6 7. d5 Nb8 8. h3 0-0 9. Bd3 Nc5 10. Bc2 Bf6 11. Nd4 Re8+ 12. Be3 a5 13. Nc3 Nbd7 14. Qd2 Ne5 15. b3 Re7 16. 0-0-0 a4 17. g4 axb3 18. axb3 g6 19. g5 Bg7 20. f4 Ned3+ 21. Kb1 Qe8 22. Bg1 Nb4 23. f5 Nxc2 24. Qxc2 Bxd4 25. fxg6 hxg6 0-1

[Event "EU-Cup 31st"]
[Site "Skopje"]
[Date "2015.10.23"]
[Round "6.4"]
[White "Xheladini, Mahmut"]
[Black "Philipowski, Robert"]
[Result "0-1"]
[WhiteElo "2219"]
[BlackElo "2316"]
[PlyCount "146"]
[EventDate "2015.10.18"]
[EventType "team-swiss"]
[EventRounds "7"]
[EventCountry "MKD"]
[SourceTitle "CBM 169"]
[Source "ChessBase"]
[SourceDate "2015.11.10"]
[SourceVersion "1"]
[SourceVersionDate "2015.11.10"]
[SourceQuality "1"]
[WhiteTeam "Expik"]
[BlackTeam "Echternach Sprenger"]
[WhiteTeamCountry "KOS"]
[BlackTeamCountry "LUX"]

1. e4 c5 2. Nf3 Nc6 3. Nc3 d6 4. Bc4 Nf6 5. 0-0 e6 6. Re1 a6 7. a4 Be7 8. d3 d5 9. Ba2 h6 10. h3 b6 11. e5 Nd7 12. Bf4 Nf8 13. Bg3 Ng6 14. Ne2 d4 15. c3 Bb7 16. Nc1 Qd7 17. Nb3 dxc3 18. bxc3 0-0 19. d4 cxd4 20. cxd4 Rfd8 21. Bb1 Bb4 22. Re3 Nce7 23. Nh4 Nf8 24. Qg4 Nd5 25. Rd3 Rac8 26. Bf4 Nxf4 27. Qxf4 Rc3 28. Qe3 Rxd3 29. Qxd3 Rc8 30. Qd1 Rc3 31. Bd3 Qd8 32. Nf3 Bxf3 33. gxf3 Ng6 34. Bxg6 Qg5+ 35. Kf1 Qxg6 36. Nc1 Rc2 37. Ra2 Rc3 38. Ra1 Qf5 39. Kg2 Rc2 40. Nb3 Be7 41. Rc1 Rb2 42. Rc8+ Kh7 43. Nc1 Bh4 44. Ne2 Qg6+ 45. Kf1 Bg5 46. f4 Bh4 47. Rc3 Qe4 48. f3 Qf5 49. Qd3 Rb1+ 50. Kg2 Qxd3 51. Rxd3 Rb4 52. f5 Kg8 53. Rc3 exf5 54. Rc8+ Kh7 55. d5 Rxa4 56. d6 Ra2 57. Kf1 b5 58. Rb8 Rb2 59. Nd4 Rd2 60. Nxf5 Bg5 61. Rb7 Bf4 62. e6 fxe6 63. Nxg7 Bxd6 64. Nxe6+ Kg6 65. Rb6 Kf5 66. Ng7+ Kf4 67. Ne8 Be5 68. Rxa6 b4 69. Ke1 Bc3 70. Rf6+ Ke3 71. Re6+ Kxf3 72. Rf6+ Bxf6 73. Kxd2 Be5 0-1

[Event "EU-Cup 31st"]
[Site "Skopje"]
[Date "2015.10.21"]
[Round "4.4"]
[White "Philipowski, Robert"]
[Black "Vedder, Richard"]
[Result "1/2-1/2"]
[WhiteElo "2316"]
[BlackElo "2261"]
[PlyCount "101"]
[EventDate "2015.10.18"]
[EventType "team-swiss"]
[EventRounds "7"]
[EventCountry "MKD"]
[SourceTitle "CBM 169"]
[Source "ChessBase"]
[SourceDate "2015.11.10"]
[SourceVersion "1"]
[SourceVersionDate "2015.11.10"]
[SourceQuality "1"]
[WhiteTeam "Echternach Sprenger"]
[BlackTeam "En Passant"]
[WhiteTeamCountry "LUX"]
[BlackTeamCountry "NED"]

1. e4 e5 2. Nf3 Nc6 3. Bb5 a6 4. Ba4 Nf6 5. 0-0 Nxe4 6. Re1 Nc5 7. Nc3 Nxa4 8. Nxe5 Be7 9. Nd5 Nc5 10. Nxc6 dxc6 11. Nxe7 Be6 12. Nf5 Qf6 13. Ng3 0-0-0 14. d3 h5 15. Qf3 Qxf3 16. gxf3 Bh3 17. Ne4 Ne6 18. Ng5 Nxg5 19. Bxg5 Rd5 20. Bf4 Rf5 21. Re4 g5 22. Bd2 Rxf3 23. Rae1 Bd7 24. Re5 g4 25. Bc3 Rh6 26. Rg5 Be6 27. Rg8+ Kd7 28. a4 h4 29. a5 Rh5 30. Re4 c5 31. Bd2 Kc6 32. Be1 Rh6 33. Bd2 Rh5 34. Be1 Rd5 35. Bd2 Rd6 36. Rg5 Bf5 37. Re3 Rxe3 38. Bxe3 Rd5 39. f3 gxf3 40. Kf2 Be6 41. Rxd5 Kxd5 42. c4+ Kc6 43. Kxf3 b6 44. axb6 cxb6 45. Bg5 h3 46. Ke3 b5 47. cxb5+ axb5 48. Be7 Kd5 49. Bf8 Bf5 50. Be7 Bg6 51. Bf8 1/2-1/2

[Event "EU-Cup 31st"]
[Site "Skopje"]
[Date "2015.10.19"]
[Round "2.4"]
[White "Philipowski, Robert"]
[Black "Barta, Jozsef"]
[Result "1-0"]
[WhiteElo "2316"]
[BlackElo "2157"]
[PlyCount "121"]
[EventDate "2015.10.18"]
[EventType "team-swiss"]
[EventRounds "7"]
[EventCountry "MKD"]
[SourceTitle "CBM 169"]
[Source "ChessBase"]
[SourceDate "2015.11.10"]
[SourceVersion "1"]
[SourceVersionDate "2015.11.10"]
[SourceQuality "1"]
[WhiteTeam "Echternach Sprenger"]
[BlackTeam "Bonnevoie Gambit"]
[WhiteTeamCountry "LUX"]
[BlackTeamCountry "LUX"]

1. e4 e5 2. Nf3 d6 3. d4 exd4 4. Qxd4 Nf6 5. Nc3 Be7 6. Bg5 0-0 7. 0-0-0 Nc6 8. Qd2 a6 9. Nd4 Nxd4 10. Qxd4 h6 11. Bh4 Nd5 12. Bg3 Bg5+ 13. Kb1 Nxc3+ 14. Qxc3 f5 15. exf5 Rxf5 16. Bd3 Rf8 17. Rhe1 Bf6 18. Qc4+ d5 19. Qxc7 Qxc7 20. Bxc7 Bd7 21. Bd6 Rfe8 22. Bg6 Re6 23. Rxe6 Bxe6 24. Bc5 Rc8 25. Bd4 Bxd4 26. Rxd4 Kf8 27. c3 Ke7 28. Kc1 Kf6 29. Bc2 g5 30. Kd2 a5 31. f4 Rg8 32. g3 b6 33. Bb3 gxf4 34. Rxf4+ Ke5 35. Rh4 Rg6 36. Ke3 Rf6 37. Rf4 Rf5 38. Rxf5+ Bxf5 39. Bd1 Bg6 40. g4 b5 41. h4 b4 42. Be2 Bf7 43. Bd3 bxc3 44. bxc3 Be6 45. g5 hxg5 46. hxg5 Bf7 47. a3 Bg8 48. Bg6 Be6 49. Be8 Bg8 50. g6 Ke6 51. Kd4 Ke7 52. Bf7 Bxf7 53. gxf7 Kxf7 54. Kxd5 Ke7 55. Kc6 Kd8 56. Kb7 Kd7 57. c4 Kd6 58. Kb6 Kd7 59. c5 Kc8 60. Kxa5 Kb7 61. Kb5 1-0

[Event "Luxembourg-chT 1415"]
[Site "Luxembourg"]
[Date "2015.03.29"]
[Round "10"]
[White "Philipowski, Robert"]
[Black "Weber, Tom"]
[Result "1/2-1/2"]
[WhiteElo "2288"]
[BlackElo "2412"]
[PlyCount "77"]
[EventDate "2014.10.05"]
[EventType "team-tourn"]
[EventRounds "10"]
[EventCountry "LUX"]
[SourceTitle "EXT 2017"]
[Source "ChessBase"]
[SourceDate "2016.10.25"]
[SourceVersion "1"]
[SourceVersionDate "2016.10.25"]
[SourceQuality "1"]

1. e4 c5 2. Nf3 Nc6 3. Bb5 d6 4. d4 cxd4 5. Qxd4 Bd7 6. Bxc6 Bxc6 7. Nc3 e6 8. Bg5 Nf6 9. 0-0-0 Be7 10. Qd3 Qa5 11. Bd2 Qc7 12. Nd4 0-0 13. f4 Rfd8 14. g4 Nd7 15. g5 Nc5 16. Qe2 Rab8 17. f5 e5 18. Ndb5 Qd7 19. Nxa7 Ra8 20. Nxc6 bxc6 21. g6 fxg6 22. fxg6 hxg6 23. Be3 Qe6 24. Bxc5 dxc5 25. Rxd8+ Bxd8 26. Qe3 Ba5 27. a3 Qc4 28. Rd1 Bxc3 29. Qxc3 Qxc3 30. bxc3 Rxa3 31. Rd6 Rxc3 32. Rxg6 Kf7 33. Rxc6 Rc4 34. Kd2 Rxe4 35. Rxc5 Ke6 36. Rc3 g5 37. Rg3 g4 38. h3 gxh3 39. Rxh3 1/2-1/2

[Event "Luxembourg-chT 1415"]
[Site "Luxembourg"]
[Date "2014.10.19"]
[Round "2"]
[White "Wagener, Anna"]
[Black "Philipowski, Robert"]
[Result "1-0"]
[WhiteElo "2254"]
[BlackElo "2288"]
[PlyCount "123"]
[EventDate "2014.10.05"]
[EventType "team-tourn"]
[EventRounds "10"]
[EventCountry "LUX"]
[SourceTitle "EXT 2017"]
[Source "ChessBase"]
[SourceDate "2016.10.25"]
[SourceVersion "1"]
[SourceVersionDate "2016.10.25"]
[SourceQuality "1"]

1. e4 c5 2. Nf3 Nc6 3. Bb5 g6 4. 0-0 Bg7 5. c3 Nf6 6. e5 Nd5 7. d4 cxd4 8. cxd4 0-0 9. Nc3 Nxc3 10. bxc3 d6 11. exd6 Qxd6 12. a4 Qc7 13. Ba3 a6 14. Bxc6 Qxc6 15. Bxe7 Re8 16. Re1 Qxc3 17. Rc1 Qa5 18. Rc5 Qb6 19. a5 Qa7 20. Rc7 Bg4 21. d5 Rac8 22. d6 Qb8 23. Qa4 Rxc7 24. dxc7 Qc8 25. Rd1 Rxe7 26. Rd8+ Bf8 27. Rxc8 Bxc8 28. Qc2 Rd7 29. Ng5 Bd6 30. Ne4 Rxc7 31. Nf6+ Kf8 32. Qd2 Rc6 33. Nxh7+ Kg7 34. Ng5 Be5 35. h4 Bf5 36. g4 Bxg4 37. Qd5 Be6 38. Qxe5+ Kf8 39. Qf6 Ke8 40. Kh2 Bc4 41. Qe5+ Kd7 42. Ne4 Be6 43. Nc5+ Ke7 44. Nxb7 Rc4 45. Kg3 Rc6 46. Qh8 Rc8 47. Qd4 Kf8 48. Qd6+ Kg8 49. Nc5 Bf5 50. Qe5 Kh7 51. Nxa6 Rc1 52. Nc7 Rg1+ 53. Kh2 Rg4 54. Qf6 Kg8 55. a6 Ra4 56. Nb5 Rf4 57. Kg3 Rg4+ 58. Kf3 Rb4 59. a7 Be4+ 60. Ke3 Ra4 61. Qe7 Bc6 62. Nd4 1-0

[Event "Luxembourg-chT 1415"]
[Site "Luxembourg"]
[Date "2014.10.05"]
[Round "1"]
[White "Philipowski, Robert"]
[Black "Linster, Philippe"]
[Result "1-0"]
[WhiteElo "2288"]
[BlackElo "2125"]
[PlyCount "57"]
[EventDate "2014.10.05"]
[EventType "team-tourn"]
[EventRounds "10"]
[EventCountry "LUX"]
[SourceTitle "EXT 2017"]
[Source "ChessBase"]
[SourceDate "2016.10.25"]
[SourceVersion "1"]
[SourceVersionDate "2016.10.25"]
[SourceQuality "1"]

1. e4 e5 2. Nf3 Nc6 3. Bb5 a6 4. Ba4 Nf6 5. 0-0 Be7 6. Re1 b5 7. Bb3 d6 8. c3 0-0 9. d4 Bg4 10. Be3 Na5 11. dxe5 Bxf3 12. Qxf3 dxe5 13. Bc2 Nc4 14. Rd1 Nxe3 15. Rxd8 Nxc2 16. Rxa8 Rxa8 17. Na3 Nxa1 18. Qd1 Rd8 19. Qxa1 Bc5 20. b4 Ba7 21. c4 Nxe4 22. Kf1 Bxf2 23. cxb5 axb5 24. Qc1 Bb6 25. Nxb5 Nf2 26. Qc6 Nd3 27. Nxc7 Bd4 28. b5 Nf4 29. g3 1-0

[Event "BEL-chT 1213"]
[Site "Belgium"]
[Date "2013.01.13"]
[Round "7.8"]
[White "Philipowski, Robert"]
[Black "Tonoli, Walter"]
[Result "1/2-1/2"]
[WhiteElo "2299"]
[BlackElo "2189"]
[PlyCount "34"]
[EventDate "2012.09.23"]
[EventType "team-tourn"]
[EventRounds "11"]
[EventCountry "BEL"]
[SourceTitle "EXT 2015"]
[Source "ChessBase"]
[SourceDate "2014.11.20"]
[SourceVersion "1"]
[SourceVersionDate "2014.11.20"]
[SourceQuality "1"]
[WhiteTeam "Eynatten"]
[BlackTeam "Anderlecht"]
[WhiteTeamCountry "BEL"]
[BlackTeamCountry "BEL"]

1. e4 c5 2. Nf3 g6 3. d4 Bg7 4. d5 Nf6 5. Nc3 0-0 6. e5 Ng4 7. Ng5 Nxe5 8. f4 f6 9. Nxh7 Kxh7 10. fxe5 f5 11. Bf4 e6 12. Bc4 d6 13. dxe6 dxe5 14. Qxd8 Rxd8 15. Bg5 Rd4 16. Bd5 Nc6 17. 0-0 Nb4 1/2-1/2

[Event "BEL-chT 1011"]
[Site "Belgium"]
[Date "2011.01.23"]
[Round "7.7"]
[White "Porteman, Eric"]
[Black "Philipowski, Robert"]
[Result "1/2-1/2"]
[WhiteElo "1954"]
[BlackElo "2257"]
[PlyCount "128"]
[EventDate "2010.09.26"]
[EventType "team-tourn"]
[EventRounds "11"]
[EventCountry "BEL"]
[SourceTitle "EXT 2012"]
[Source "ChessBase"]
[SourceDate "2011.11.24"]
[SourceVersion "1"]
[SourceVersionDate "2011.11.24"]
[SourceQuality "1"]
[WhiteTeam "Liege Crelel"]
[BlackTeam "Eynatten II"]
[WhiteTeamCountry "BEL"]
[BlackTeamCountry "BEL"]

1. c4 c6 2. Nf3 d5 3. g3 Nf6 4. Bg2 Bf5 5. b3 e6 6. Bb2 Be7 7. Nc3 0-0 8. Nh4 Be4 9. Nxe4 dxe4 10. Bf1 Ng4 11. Ng2 Nd7 12. h3 Nge5 13. Qc2 f5 14. 0-0-0 Bg5 15. Kb1 a5 16. d4 Nf7 17. h4 Bf6 18. Nf4 Re8 19. g4 Bxh4 20. gxf5 exf5 21. e3 Bf6 22. Bh3 Nh6 23. Rdg1 Qe7 24. Bf1 Kh8 25. Bh3 Qf7 26. Qd1 a4 27. Bf1 axb3 28. axb3 c5 29. Be2 Red8 30. Bh5 Qe7 31. Bg6 Nf8 32. Qh5 cxd4 33. Bxh7 Kxh7 34. Qxf5+ Kh8 35. Rg6 Ra6 36. exd4 Bxd4 37. Rxa6 bxa6 38. Nd5 Qe5 39. Qxe5 Bxe5 40. Bxe5 Kg8 41. Rg1 Ne6 42. Nf6+ Kf7 43. Nxe4 Nf5 44. Ng5+ Nxg5 45. Rxg5 g6 46. Kc2 Rd7 47. Rg1 Nh4 48. Ra1 Nf3 49. Bc3 Rd6 50. c5 Rc6 51. b4 Ng5 52. Kd3 Ke6 53. Kc4 Ne4 54. Be1 Nd6+ 55. Kd4 Nb5+ 56. Ke4 Nc7 57. Rd1 a5 58. Rd6+ Rxd6 59. cxd6 Kxd6 60. bxa5 Ne6 61. Bb4+ Kc6 62. Ke5 Ng5 63. f4 Nh3 64. Bd2 Kb5 1/2-1/2

[Event "BEL-chT 1011"]
[Site "Belgium"]
[Date "2011.01.09"]
[Round "6.5"]
[White "Philipowski, Robert"]
[Black "Piceu, Tom"]
[Result "1/2-1/2"]
[WhiteElo "2257"]
[BlackElo "2300"]
[PlyCount "58"]
[EventDate "2010.09.26"]
[EventType "team-tourn"]
[EventRounds "11"]
[EventCountry "BEL"]
[SourceTitle "EXT 2012"]
[Source "ChessBase"]
[SourceDate "2011.11.24"]
[SourceVersion "1"]
[SourceVersionDate "2011.11.24"]
[SourceQuality "1"]
[WhiteTeam "Eynatten II"]
[BlackTeam "KBSK Brugge"]
[WhiteTeamCountry "BEL"]
[BlackTeamCountry "BEL"]

1. e4 c5 2. Nf3 d6 3. d4 cxd4 4. Qxd4 Nc6 5. Bb5 Bd7 6. Bxc6 Bxc6 7. Nc3 Nf6 8. Bg5 e6 9. 0-0-0 Be7 10. Qd3 0-0 11. Nd4 Rc8 12. f4 a6 13. f5 Bd7 14. Nf3 exf5 15. exf5 Qa5 16. Nd4 Rxc3 17. Qxc3 Qxa2 18. Qa3 Qd5 19. Bxf6 Bxf6 20. Ne6 Qxg2 21. Nxf8 Bxf5 22. Kb1 h5 23. Ka2 Be7 24. Rhe1 Bxf8 25. Re8 Qxc2 26. Rxd6 Qb1+ 27. Kb3 Qc2+ 28. Ka2 Qb1+ 29. Kb3 Qc2+ 1/2-1/2

[Event "BEL-chT 1011"]
[Site "Belgium"]
[Date "2010.11.21"]
[Round "4.7"]
[White "Philipowski, Robert"]
[Black "Bolzoni, Victor Angel"]
[Result "1-0"]
[WhiteElo "2257"]
[BlackElo "2236"]
[PlyCount "87"]
[EventDate "2010.09.26"]
[EventType "team-tourn"]
[EventRounds "11"]
[EventCountry "BEL"]
[SourceTitle "EXT 2012"]
[Source "ChessBase"]
[SourceDate "2011.11.24"]
[SourceVersion "1"]
[SourceVersionDate "2011.11.24"]
[SourceQuality "1"]
[WhiteTeam "Eynatten II"]
[BlackTeam "Namur"]
[WhiteTeamCountry "BEL"]
[BlackTeamCountry "BEL"]

1. e4 c5 2. Nf3 e6 3. c3 Nf6 4. e5 Nd5 5. Bc4 d6 6. 0-0 dxe5 7. Nxe5 Nc6 8. Nxc6 bxc6 9. d3 Nb6 10. Qe2 Bd6 11. Nd2 Qc7 12. g3 Nxc4 13. dxc4 f5 14. f4 a5 15. Nf3 0-0 16. Be3 a4 17. Rfd1 Ba6 18. Rd2 Rad8 19. Rad1 h6 20. b3 axb3 21. axb3 Bc8 22. Qf2 Kh7 23. Bxc5 Bxc5 24. Qxc5 Rxd2 25. Rxd2 Rd8 26. Rxd8 Qxd8 27. Nd4 Bb7 28. b4 Qa8 29. Qa5 Qc8 30. Qe5 Qa8 31. Nxe6 Qa1+ 32. Kf2 Qb2+ 33. Ke3 Qc1+ 34. Kd4 Qg1+ 35. Qe3 c5+ 36. Nxc5 Qd1+ 37. Qd3 Qg1+ 38. Ke5 Qe1+ 39. Kd6 Bc8 40. Kc7 Be6 41. b5 Bf7 42. b6 Qe7+ 43. Nd7 Be6 44. Qd6 1-0

[Event "EU-Cup 26th"]
[Site "Plovdiv"]
[Date "2010.10.18"]
[Round "2.6"]
[White "Safarli, Eltaj"]
[Black "Philipowski, Robert"]
[Result "1-0"]
[WhiteElo "2607"]
[BlackElo "2257"]
[PlyCount "89"]
[EventDate "2010.10.17"]
[EventType "team-swiss"]
[EventRounds "7"]
[EventCountry "BUL"]
[SourceTitle "CBM 139"]
[Source "ChessBase"]
[SourceDate "2010.11.18"]
[SourceVersion "1"]
[SourceVersionDate "2010.11.18"]
[SourceQuality "1"]
[WhiteTeam "Azerbaijan Socar"]
[BlackTeam "Eynatten"]
[WhiteTeamCountry "AZE"]
[BlackTeamCountry "BEL"]

1. e4 c5 2. Nf3 Nc6 3. Bb5 g6 4. Bxc6 bxc6 5. 0-0 Bg7 6. Re1 Nh6 7. c3 f6 8. d4 cxd4 9. cxd4 Nf7 10. Nc3 0-0 11. h3 d6 12. Be3 Bd7 13. Qd2 Qc7 14. Rad1 Qb7 15. b3 Rfd8 16. Qe2 Re8 17. Nd2 Qb4 18. Qd3 Rad8 19. Rc1 f5 20. f3 f4 21. Bf2 Ng5 22. Ne2 e5 23. dxe5 Bxe5 24. Qc4+ Qxc4 25. Nxc4 Nf7 26. Red1 Be6 27. Na5 c5 28. Nc6 Rc8 29. Nxe5 dxe5 30. Rxc5 Rxc5 31. Bxc5 Rc8 32. Rc1 a6 33. Bb6 Rxc1+ 34. Nxc1 Kg7 35. Nd3 Kf6 36. Bc7 g5 37. Nc5 Bc8 38. b4 Ke7 39. Kf2 Nd6 40. a4 h5 41. Ke1 Nc4 42. b5 axb5 43. axb5 Kf6 44. Kf2 g4 45. h4 1-0

[Event "BEL-chT 0910"]
[Site "Belgium"]
[Date "2010.03.21"]
[Round "11"]
[White "Meessen, Rudolf"]
[Black "Philipowski, Robert"]
[Result "1/2-1/2"]
[WhiteElo "2340"]
[BlackElo "2274"]
[PlyCount "134"]
[EventDate "2009.09.27"]
[EventType "team-tourn"]
[EventRounds "11"]
[EventCountry "BEL"]
[SourceTitle "EXT 2011"]
[Source "ChessBase"]
[SourceDate "2010.11.26"]
[SourceVersion "1"]
[SourceVersionDate "2010.11.26"]
[SourceQuality "1"]
[WhiteTeam "KSK Rochade"]
[BlackTeam "KSK47 Eynatten II"]
[WhiteTeamCountry "BEL"]
[BlackTeamCountry "BEL"]

1. d4 d5 2. Nc3 Nf6 3. Bg5 Bf5 4. e3 e6 5. Bd3 c6 6. Bxf5 exf5 7. Qf3 h6 8. Bh4 g6 9. Bxf6 Qxf6 10. g4 Bd6 11. gxf5 Qxf5 12. Qxf5 gxf5 13. Nge2 Na6 14. f4 Kd7 15. Ng3 Ke6 16. Nh5 Rhg8 17. 0-0-0 Rg2 18. Rdg1 Rag8 19. Ng3 Rxg1+ 20. Rxg1 Nc7 21. Nce2 Ne8 22. Nh5 Rg6 23. Rg3 Bf8 24. b3 Nd6 25. Rg1 b5 26. Nhg3 Be7 27. c3 Ne4 28. Kc2 Nf2 29. c4 Ng4 30. e4 dxe4 31. d5+ cxd5 32. cxd5+ Kxd5 33. Rd1+ Kc6 34. Nd4+ Kb6 35. Ndxf5 Ba3 36. Nxe4 Nxh2 37. Rd7 Rg2+ 38. Kd3 Rxa2 39. Nc3 Rb2 40. Nd4 Bc5 41. Nd5+ Ka6 42. Nc7+ Ka5 43. Rd5 Kb6 44. Na8+ Kb7 45. Rxc5 Kxa8 46. Rc7 f5 47. Kc3 Rb1 48. Nc6 Ra1 49. Kb4 Nf3 50. Kxb5 h5 51. b4 h4 52. Rh7 Ne1 53. Rxh4 Kb7 54. Rh7+ Kc8 55. Nxa7+ Kd8 56. Nc6+ Ke8 57. Ra7 Rxa7 58. Nxa7 Nd3 59. Kc4 Nxf4 60. b5 Kd7 61. b6 Ne6 62. Kd5 f4 63. Nb5 f3 64. b7 Nc7+ 65. Ke4 Na6 66. Kxf3 Kc6 67. b8N+ Nxb8 1/2-1/2

[Event "BEL-chT 0910"]
[Site "Belgium"]
[Date "2010.01.10"]
[Round "6"]
[White "Philipowski, Robert"]
[Black "De Haan, Eric"]
[Result "1/2-1/2"]
[WhiteElo "2274"]
[BlackElo "2369"]
[PlyCount "95"]
[EventDate "2009.09.27"]
[EventType "team-tourn"]
[EventRounds "11"]
[EventCountry "BEL"]
[SourceTitle "EXT 2011"]
[Source "ChessBase"]
[SourceDate "2010.11.26"]
[SourceVersion "1"]
[SourceVersionDate "2010.11.26"]
[SourceQuality "1"]
[WhiteTeam "KSK47 Eynatten II"]
[BlackTeam "Borgerhout"]
[WhiteTeamCountry "BEL"]
[BlackTeamCountry "BEL"]

1. e4 c5 2. Nf3 e6 3. c3 Nf6 4. e5 Nd5 5. d4 cxd4 6. cxd4 d6 7. Nc3 Nxc3 8. bxc3 Qc7 9. Bd2 Nd7 10. exd6 Bxd6 11. Bd3 b6 12. 0-0 Bb7 13. h3 0-0 14. Re1 Bf4 15. Bxf4 Qxf4 16. Ne5 Nf6 17. Qc1 Qxc1 18. Rexc1 Rac8 19. f3 Rc7 20. a4 Rfc8 21. Ra3 Nd5 22. Be4 Nf4 23. Bxb7 Rxb7 24. Kf1 f6 25. Ng4 Rbc7 26. Ne3 h5 27. h4 Kf7 28. Nd1 Rc4 29. Rb1 Nd5 30. a5 Kg6 31. axb6 axb6 32. Ra7 Nxc3 33. Nxc3 Rxc3 34. Rb7 Rc1+ 35. Rxc1 Rxc1+ 36. Kf2 Rc2+ 37. Kg3 Rb2 38. Re7 Re2 39. Rb7 Rb2 40. Re7 Kf5 41. Rxg7 Rd2 42. Rb7 Rxd4 43. Rxb6 e5 44. Rb8 Kg6 45. Rg8+ Kh7 46. Re8 Kg7 47. Re7+ Kg6 48. Re8 1/2-1/2